<?xml version="1.0" encoding="UTF-8"?>
<marc:record xmlns:marc="http://www.loc.gov/MARC21/slim">
   <marc:leader>00000nam a2200000 a 4500</marc:leader>
   <marc:datafield ind1="1" ind2=" " tag="100">
      <marc:subfield code="a">Weiser, Grethe</marc:subfield>
   </marc:datafield>
   <marc:datafield ind1="1" ind2=" " tag="100">
      <marc:subfield code="a">Philipp, Gunther</marc:subfield>
   </marc:datafield>
   <marc:datafield ind1="1" ind2=" " tag="100">
      <marc:subfield code="a">Hoven, Adrian</marc:subfield>
   </marc:datafield>
   <marc:datafield ind1="1" ind2=" " tag="100">
      <marc:subfield code="a">Erhardt, Heinz</marc:subfield>
   </marc:datafield>
   <marc:datafield ind1="1" ind2=" " tag="100">
      <marc:subfield code="a">Schleif, Wolfgang</marc:subfield>
   </marc:datafield>
   <marc:datafield ind1=" " ind2=" " tag="653">
      <marc:subfield code="a">Komödie</marc:subfield>
   </marc:datafield>
   <marc:datafield ind1="0" ind2="0" tag="245">
      <marc:subfield code="a">Ach Egon!</marc:subfield>
   </marc:datafield>
   <marc:datafield ind1="0" ind2="0" tag="245">
      <marc:subfield code="c">Wolfgang Schleif. Darsteller: Heinz Erhardt, Adrian Hoven, Gunther Philipp, ...</marc:subfield>
   </marc:datafield>
   <marc:datafield ind1=" " ind2="1" tag="264">
      <marc:subfield code="a">Leipzig</marc:subfield>
      <marc:subfield code="b">Kinowelt Home Entertainment GmbH</marc:subfield>
      <marc:subfield code="c">2009</marc:subfield>
   </marc:datafield>
   <marc:datafield ind1="1" ind2=" " tag="520">
      <marc:subfield code="a">Kinderarzt Waldemar Weber ist verzweifelt: Ausgerechnet für seinen ersten Hochzeitstag hat sich sein Adoptivsohn Egon aus erster Ehe, den Waldemar seiner jungen Gattin stets verschwiegen hat, zu Besuch angekündigt. Als Egon vor der Tür steht, stellt der sich nicht nur als Affendompteur heraus. Er hat auch noch seine Schimpansen Kiki, Koko und Kaka mitgebracht. Waldemar hat alle Hände voll zu tun, um Egons Existenz zu erklären und die Affen vor seiner misstrauischen Frau zu verbergen - aber ob der Schlafzimmerschrank das geeignete Versteck ist?</marc:subfield>
   </marc:datafield>
   <marc:datafield ind1=" " ind2=" " tag="020">
      <marc:subfield code="a">4006680045207</marc:subfield>
      <marc:subfield code="9">4006680045207</marc:subfield>
   </marc:datafield>
   <marc:datafield ind1=" " ind2=" " tag="300">
      <marc:subfield code="e">1 DVD</marc:subfield>
   </marc:datafield>
   <marc:datafield ind1="0" ind2=" " tag="490">
      <marc:subfield code="v">0</marc:subfield>
   </marc:datafield>
   <marc:datafield ind1=" " ind2=" " tag="300">
      <marc:subfield code="a">1 DVD (ca. 95 Min.)</marc:subfield>
   </marc:datafield>
</marc:record>
